000 00295nam a22001217a 4500
020 _a81-7435-122-5
082 _a297.61AZI 2
100 _aBadr, Azimabadi
245 _aGreat Personalities in Islam
260 _aNew Delhi
_bAdam Publishers and Distributors
_c2012
300 _a596
942 _cBK
999 _c20803
_d20803